Carl Sagan Bibliography - Statistics

General Stats
  • This quiz has been taken 15 times
  • The average score is 5 of 21
Answer Stats
Type Year Name % Correct
Novel 1985 Contact
88%
Non-Fiction Book 1980 Cosmos
75%
Non-Fiction Book 1994 Pale Blue Dot: A Vision of the Human Future in Space
75%
Non-Fiction Book 1995 The Demon-Haunted World: Science as a Candle in the Dark
75%
Non-Fiction Book 1997 Billions and Billions: Thoughts on Life and Death at the Brink of the Millennium
38%
Non-Fiction Book 1985 Comet
38%
Non-Fiction Book 1993 Shadows of Forgotten Ancestors: A Search for Who We Are
25%
Non-Fiction Book 1990 A Path Where No Man Thought: Nuclear Winter and the End of the Arms Race
13%
Non-Fiction Book 1973 The Cosmic Connection: An Extraterrestrial Perspective
13%
Non-Fiction Book 1977 The Dragons of Eden: Speculations on the Evolution of Human Intelligence
13%
Non-Fiction Book 1979 Broca's Brain: Reflections on the Romance of Science
0%
Non-Fiction Book 1962 Intelligent Life in the Universe
0%
Non-Fiction Book 1973 Mars and the Mind of Man
0%
Non-Fiction Book 1978 Murmurs of Earth: The Voyager Interstellar Record
0%
Essay 1993 Nuclear Winter in the Post-Cold War Era
0%
Non-Fiction Book 1961 Organic Matter and the Moon
0%
Non-Fiction Book 1975 Other Worlds
0%
Non-Fiction Book 1966 Planets
0%
Non-Fiction Book 1984 The Cold and the Dark: The World After Nuclear War
0%
Non-Fiction Book 2006 The Varieties of Scientific Experience: A Personal View of the Search of God
0%
Non-Fiction Book 1972 UFO's: A Scientific Debate
0%
No matching quizzes found
Score Distribution
Percent of People with Each Score
Percentile by Number Answered
Your Score History
You have not taken this quiz